000 00616nam a22002417a 4500
001 51854
003 UA-OsUOA
005 20211028121824.0
007 ta
008 20080123b un ||||| |||| 00| 0 ukr d
040 _aUA-OsUOA
_brus
_cUA-OsUOA
_dUA-OsUOA
041 _arus
080 _a821.161.1
090 _a821.161.1
_bТ87
100 _aТургенев И.
245 _aСочинения
260 _aМ.
_bХудожественная литература
_c1988
300 _a461 с.
505 _gТ. 2
650 7 _a821 Художня література
_2UDC
942 _cBK
_2udc
955 _a3
999 _c337906
_d337906